000 00606nam a2200217 4500
005 20240528101735.0
008 240527b |||||||| |||| 00| 0 eng d
020 _a9783319855622
_cRs. 350.00
040 _aMAIN
082 _a516.36
_bT79D
100 _aTu, Loring W
245 _aDifferential geometry: Connection, curvature, and characteristic classes
260 _aSwitzerland
_bSpringer
_c2017
300 _axvi, 346
440 _aGraduate texts in mathematics
650 _aMathematics
650 _aDifferential geometry
700 _aAxler, Sheldon, S, ed.
942 _cBK
999 _c314522
_d314522